Z jakiego kraju pochodzi ten czołg (World od Tanks) - Statystyki

Ogólne statystyki
  • Ten quiz został rozwiązany 996 razy
  • Średni wynik to 13 z 15
Statystyki odpowiedzi
Czołg Kraj % Poprawnych
Jagdtiger Niemcy
96%
Panther II Niemcy
96%
O-NI Japonia
95%
Crusader Wielka Brytania
95%
M4 Stany Zjednoczone
94%
Progetto 46 Włochy
94%
Amx 13 75 Francja
93%
60TP Polska
93%
Somua SM Francja
92%
T54E1 Stany Zjednoczone
89%
FV-4005 Wielka Brytania
88%
IKV 90B Szwecja
86%
T-100lt ZSRR
85%
TVP VTU Czechosłowacja
81%
T-34/100 Czechosłowacja
70%
Nie znaleziono quizów pasujących do podanych kryteriów
Rozkład punktacji
Procent ludzi z każdym wynikiem
Percentyl według liczby udzielonych odpowiedzi
Twoja historia wyników
Nie rozwiązałeś tego quizu